| 000 | 00672nam a2200217 a 4500 | ||
|---|---|---|---|
| 001 | 58782 | ||
| 003 | BD-RjUL | ||
| 005 | 20211209080646.0 | ||
| 008 | 161219s1958 nyu||||| |||| 001 0 eng d | ||
| 035 | _a(BD-RjUL)58906 | ||
| 040 |
_dBD-RjUL _beng _aBD-RjUL _cBD-RjUL |
||
| 041 | _aeng | ||
| 082 | 0 | 4 |
_a382.71094 _223 _bSTC 1958 |
| 100 | 1 |
_aStrauss, E. _q(Erich), _d1911-1981. _9174756 |
|
| 245 | 1 | 0 |
_aCommon sense about the common market : _bGermany and Britain in post-war Europe / _cE Strauss |
| 260 |
_aNew York : _bRinehart and com. _cc1958 |
||
| 300 |
_a168 p. _c22 cm. |
||
| 500 | _aIncludes index | ||
| 651 | 0 |
_aEurope _xEconomic integration. _9172717 |
|
| 942 |
_2ddc _cBK |
||
| 999 |
_c58782 _d58782 |
||